000 00449nam a22001577a 4500
999 _c166133
_d166133
008 190715b ||||| |||| 00| 0 eng d
020 _a81-237-2121-8
040 _aDPL
_bEnglish
050 _a150.1943 PAN
082 _a150.1943 PAN
100 _aPandya, Sunil K.
245 _aHuman Behaviour
_cSunil K. Pandya
260 _aNew Delhi
_bNational Book Trust
300 _aIX, 227
_c22 cm.
942 _2ddc
_cEN
_h150.1943
_kPAN